Vybavenie zariadení cestovného ruchu určenými výrobkami diplomová práca

Uložené v:
Podrobná bibliografia
Hlavný autor: Purašíková, Alena
Korporativný autor: Obchodná fakulta EU. Katedra tovaroznalectva a kvality tovaru
Ďalší autori: Košútová, Tatiana, 1962-
Médium: Kniha
Jazyk:Slovak
Vydavateľské údaje: Bratislava 2011
Tagy: Pridať tag
Žiadne tagy, Buďte prvý, kto otaguje tento záznam!

MARC

LEADER 00000nam a2200000 4500
001 0148130
005 20240318124849.5
041 0 |a slo 
044 |a SK 
245 1 0 |a Vybavenie zariadení cestovného ruchu určenými výrobkami  |b diplomová práca  |c Alena Purašíková ; školiteľ: Tatiana Košútová 
264 1 |a Bratislava  |c 2011 
300 |a 71 s. 
100 1 |a Purašíková, Alena 
700 1 |a Košútová, Tatiana, 1962- 
710 2 |a Obchodná fakulta EU. Katedra tovaroznalectva a kvality tovaru